Scientific knowledge and its social problems (Record no. 26302)

MARC details
000 -LEADER
fixed length control field 00285nam a2200109Ia 4500
082 ## - DEWEY DECIMAL CLASSIFICATION NUMBER
Classification number 001
Item number RAV
100 ## - MAIN ENTRY--AUTHOR NAME
Personal name RAVETZ, Jerome R
245 #0 - TITLE STATEMENT
Title Scientific knowledge and its social problems
260 ## - PUBLICATION, DISTRIBUTION, ETC. (IMPRINT)
Place of publication England
Name of publisher Penguin
Year of publication 1973
942 ## - ADDED ENTRY ELEMENTS (KOHA)
Koha item type Books
Holdings
Withdrawn status Lost status Damaged status Not for loan Home library Current library Date acquired Full call number Accession Number Koha item type
      Weed out RRII Library RRII Library 16/12/2021 001 RAV 06939 Books